Statistiken für Alle Gesteins - Pokémon aufzählen

Klicken Sie hier um das Quiz zu spielen!

Allgemein

  • Dieses Quiz wurde 9 mal gespielt
  • Das Durchschnittsergebnis liegt bei 43 aus 80

Antwortstatistiken

# Nr.Pokémon% Korrekt
#075Georok
100%
#076Geowaz
100%
#074Kleinstein
100%
#095Onix
100%
#142Aerodactyl
86%
#138Amonitas
86%
#139Amoroso
86%
#140Kabuto
86%
#141Kabutops
86%
#411Bollterus
71%
#526Brockoloss
71%
#248Despotar
71%
#524Kiesling
71%
#408Koknodon
71%
#246Larvitar
71%
#345Liliep
71%
#247Pupitar
71%
#409Rameidon
71%
#111Rihorn
71%
#464Rihornior
71%
#112Rizeros
71%
#410Schilterus
71%
#525Sedimantur
71%
#346Wielie
71%
#567Aeropteryx
57%
#773Amigento (Gestein)
57%
#347Anorith
57%
#493Arceus (Gestein)
57%
#348Armaldo
57%
#222Corasonn
57%
#566Flapteryx
57%
#564Galapaflos
57%
#059Hisui - Arkani
57%
#058Hisui - Fukano
57%
#565Karippas
57%
#299Nasgnet
57%
#213Pottrott
57%
#377Regirock
57%
#369Relicanth
57%
#306Stolloss
57%
#305Stollrak
57%
#304Stollunior
57%
#699Amagarga
43%
#698Amarino
43%
#793Anego
43%
#696Balgoras
43%
#558Castellith
43%
#995Eisendorn
43%
#932Geosali
43%
#557Lithomith
43%
#337Lunastein
43%
#219Magcargo
43%
#438Mobai
43%
#185Mogelbaum
43%
#697Monargoras
43%
#934Saltigant
43%
#338Sonnfel
43%
#639Terrakium
43%
#476Voluminas
43%
#745Wolwerock
43%
#744Wuffels
43%
#900Axantor
29%
#688Bithora
29%
#719Diancie
29%
#713Hisui - Arktilas
29%
#874Humanolith
29%
#834Kamalm
29%
#950Klibbe
29%
#837Klonkett
29%
#970Lumiflora
29%
#969Lumispross
29%
#774Meteno
29%
#839Montecarbo
29%
#805Muramura
29%
#1017Ogerpon
29%
#703Rocara
29%
#933Sedisal
29%
#689Thanathora
29%
#838Wagong
29%
#1022Eisenfels
14%

Verteilung der Resultate

Perzentil nach korrekt beantworteten Fragen

Anzahl Personen mit jedem Resultat

Ihre Resultats-Entwicklung

Sie haben dieses Quiz noch nicht gespielt